Advanced financial accounting

Αποθηκεύτηκε σε:
Λεπτομέρειες βιβλιογραφικής εγγραφής
Κύριος συγγραφέας: Baker, Richard E.
Άλλοι συγγραφείς: Lembke, Valdean C.
Μορφή: Βιβλίο
Γλώσσα:English
Δημοσίευση: New York, St.Louis : McGraw-Hill, 1993
Έκδοση:2nd ed.
Θέματα:
Ετικέτες: Προσθήκη ετικέτας
Δεν υπάρχουν, Καταχωρήστε ετικέτα πρώτοι!

MARC

LEADER 00000nam a2200000 i 4500
001 1/49860
008 960403s1993 eng d
020 |a 0-07-003447-8 
035 |l 10026905 
040 |a GR-MY-UA  |b gre  |e aacr 
041 0 |a eng 
082 0 |a 657.046 
100 1 |a Baker, Richard E. 
245 1 0 |a Advanced financial accounting /  |c Richard E.Baker, Valdean C.Lembke, Thomas E.King 
250 |a 2nd ed. 
260 |a New York, St.Louis :   |b McGraw-Hill,   |c 1993 
300 |a 1286 σ. 
504 |a Περιλαμβάνει ευρετήριο 
650 0 0 |a Accounting. 
700 1 |a Lembke, Valdean C. 
852 |a INST  |b CHIOS  |e 19960403  |h 657.046 BAK  |p 005200003562  |q 005200003562  |t BK  |y 0 
909 |a Χ  |b 038090